LIBRARY & INFORMATION CENTRE, KCAET, TAVANUR

ONLINE PUBLIC ACCESS CATALOGUE (OPAC)

Approved practices in soil Conservation / (Record no. 2906)

MARC details
000 -LEADER
fixed length control field 00520cam a2200205ua 4500
041 ## - LANGUAGE CODE
Language code of text/sound track or separate title eng
082 ## - DEWEY DECIMAL CLASSIFICATION NUMBER
Classification number 631.45
Item number FOS/AP
100 ## - MAIN ENTRY--AUTHOR NAME
Personal name Foster, Albert B .
245 ## - TITLE STATEMENT
Title Approved practices in soil Conservation /
250 ## - EDITION STATEMENT
Edition statement 2 /
260 ## - PUBLICATION, DISTRIBUTION, ETC. (IMPRINT)
Place of publication :
Name of publisher Oxford & IBH Publishing company ,
Year of publication 1965.
300 ## - PHYSICAL DESCRIPTION
Number of Pages 384 ; .
942 ## - ADDED ENTRY ELEMENTS (KOHA)
Koha item type Books
Holdings
Withdrawn status Lost status Damaged status Home library Current library Date acquired Full call number Accession Number Koha item type Public note
      KAUAET KAUAET 07/04/2012 631.45 9904 Books  
      KAUAET KAUAET 07/04/2012 631.45 9902 Books  
      KAUAET KAUAET 07/04/2012 631.45 9900 Books  
      KAUAET KAUAET 07/04/2012 631.45 9903 Books  
Withdrawn     KAUAET KAUAET 07/04/2012 631.45 9901 Books Deleted
free website counter